| 000 | 01210nam2a2200241 4500 | ||
|---|---|---|---|
| 001 | rc\2662019 | ||
| 005 | 20260315043750.0 | ||
| 035 | _a(NLR Aleph) 006968828 | ||
| 090 |
_a13566137 _c13566137 |
||
| 100 | _a20110617d1929 u y0rusy50 ca | ||
| 101 | 0 | _arus | |
| 102 | _aRU | ||
| 105 | _aa z ||||| | ||
| 200 | 1 |
_aБюджет рабочей семьи в 1922-1927 г. г. _eТекст _f(Г. Полляк) |
|
| 210 | _d1929 | ||
| 215 |
_a100 с. _cдиагр. |
||
| 461 | 0 |
_1001rc\2662018 _12001#$aБюджеты рабочих и служащих$eВып. 1-$fЦентр. стат. упр. СССР. Сектор статистики труда. Секция общ. статистики$vВып. 1 _95419476 _aСССР. Центральное статистическое управление _cМосква _d1929 _fЦентр. стат. упр. СССР. Сектор статистики труда. Секция общ. статистики _nСтат. изд-во ЦСУ СССР _oВып. 1- _tБюджеты рабочих и служащих _vВып. 1 |
|
| 702 | 1 |
_aПолляк _bГ. _4570 |
|
| 801 | 0 |
_aRU _bNLR _gpsbo |
|
| 801 | 1 |
_aRU _bELAR _2rusmarc |
|
| 852 |
_aNLR _j86/240 |
||
| 942 | _cUNSPEC | ||
| 980 | _aNB | ||